Svätá láska (Record no. 20454)
[ view plain ]
| 000 -LEADER | |
|---|---|
| fixed length control field | 01436nam a2200421 a 4500 |
| 001 - CONTROL NUMBER | |
| control field | 20454 |
| 003 - CONTROL NUMBER IDENTIFIER | |
| control field | VRT |
| 005 - DATE AND TIME OF LATEST TRANSACTION | |
| control field | 20260122142506.0 |
| 008 - FIXED-LENGTH DATA ELEMENTS--GENERAL INFORMATION | |
| fixed length control field | 960531q1995 xo 000 p slo c |
| 020 ## - INTERNATIONAL STANDARD BOOK NUMBER | |
| International Standard Book Number | 8088834155 (brož.) |
| 035 ## - SYSTEM CONTROL NUMBER | |
| System control number | UKB000184605 |
| 039 #9 - LEVEL OF BIBLIOGRAPHIC CONTROL AND CODING DETAIL [OBSOLETE] | |
| Level of rules in bibliographic description | 202512231150 |
| Level of effort used to assign nonsubject heading access points | bakicovv |
| 040 ## - CATALOGING SOURCE | |
| Original cataloging agency | BAA001 |
| Language of cataloging | slo |
| Transcribing agency | BAA001 |
| Description conventions | AACR2 |
| 041 1# - LANGUAGE CODE | |
| Language code of text/sound track or separate title | slo |
| 044 ## - COUNTRY OF PUBLISHING/PRODUCING ENTITY CODE | |
| MARC country code | xo |
| ISO country code | SK |
| 080 ## - UNIVERSAL DECIMAL CLASSIFICATION NUMBER | |
| Universal Decimal Classification number | 82-93-141 |
| 243 10 - COLLECTIVE UNIFORM TITLE | |
| Uniform title | <a href="Stredoveká kresťanská literatúra">Stredoveká kresťanská literatúra</a> |
| 245 10 - TITLE STATEMENT | |
| Title | Svätá láska |
| Remainder of title | výber zo stredovekej kresťanskej literatúry |
| Statement of responsibility, etc. | [prel. Ján Kováč, Metod Lucký] |
| 260 ## - PUBLICATION, DISTRIBUTION, ETC. | |
| Place of publication, distribution, etc. | Rohovce |
| Name of publisher, distributor, etc. | Interpopulart Slovakia |
| Date of publication, distribution, etc. | [1995] |
| 300 ## - PHYSICAL DESCRIPTION | |
| Extent | 110 s |
| 490 1# - SERIES STATEMENT | |
| Series statement | Populart. Študentská knižnica |
| Volume/sequential designation | 16 |
| 500 ## - GENERAL NOTE | |
| General note | Stredoveká kresťanská literatúra |
| 505 1# - FORMATTED CONTENTS NOTE | |
| Formatted contents note | Obs.: Amor Sanctus ; Vyznania / Augustinus Aurelius ; Vybrané spisy / Sv. František z Assisi |
| 650 07 - SUBJECT ADDED ENTRY--TOPICAL TERM | |
| Topical term or geographic name entry element | literatúra stredoveká kresťanská |
| 650 07 - SUBJECT ADDED ENTRY--TOPICAL TERM | |
| Topical term or geographic name entry element | hymnusy |
| 653 ## - INDEX TERM--UNCONTROLLED | |
| Uncontrolled term | 82-93-141 |
| 700 0# - ADDED ENTRY--PERSONAL NAME | |
| Personal name | Augustinus Aurelius |
| Titles and other words associated with a name | sanctus |
| Dates associated with a name | 354-430 |
| Relationship | aut |
| 700 0# - ADDED ENTRY--PERSONAL NAME | |
| Personal name | Franciscus de Assisi |
| Titles and other words associated with a name | sanctus |
| Relationship | aut |
| 700 1# - ADDED ENTRY--PERSONAL NAME | |
| Personal name | Kováč, Ján |
| Relationship | trl |
| 700 1# - ADDED ENTRY--PERSONAL NAME | |
| Personal name | Lucký, Metod |
| Relationship | trl |
| 760 1# - MAIN SERIES ENTRY | |
| Title | Populart. Študentská knižnica |
| 830 #0 - SERIES ADDED ENTRY--UNIFORM TITLE | |
| Uniform title | Populart. Študentská knižnica |
| Volume/sequential designation | 16 |
| 910 ## - USER-OPTION DATA (OCLC) | |
| User-option data | ukb |
| 942 ## - ADDED ENTRY ELEMENTS (KOHA) | |
| Source of classification or shelving scheme | Dewey Decimal Classification |
| Koha item type | Krásna literatúra pre dospelých |
| Suppress in OPAC | No |
| 949 ## - LOCAL PROCESSING INFORMATION (OCLC) | |
| 6 | 1800004743 |
| a | 30.D.64309 |
| b | PV.1815-96 |
| 949 ## - LOCAL PROCESSING INFORMATION (OCLC) | |
| 6 | 1800004742 |
| a | SL.D.23149 |
| b | PV.1816-96 |
| 949 ## - LOCAL PROCESSING INFORMATION (OCLC) | |
| 6 | 1800006913 |
| a | 30.D.64309 |
| b | KD.172-96 |
| Stav vyradenia | Strata | Poškodenie | Spôsob nadobudnutia | Domovská knižnica | Aktuálna knižnica | Dátum nadobudnutia | Total checkouts | Čiarový kód exemplára | Date last seen | Typ exemplára |
|---|---|---|---|---|---|---|---|---|---|---|
| Dar | Obecná knižnica Horná Štubňa | Obecná knižnica Horná Štubňa | 22.01.2026 | 8088834155 | 22.01.2026 | Krásna literatúra pre dospelých |
